| 000 | 00000nam##2200000za#4500 |
| 001 | 9.696744 |
| 003 | CaOODSP |
| 005 | 20210624235154 |
| 007 | cr ||||||||||| |
| 008 | 150407|2005||||xxc|||||o f|0| 0 eng|d |
| 040 | |aCaOODSP|beng |
| 043 | |an-cn--- |
| 086 | 1 |aH174-34/2005E-PDF |
| 110 | 1 |aCanada.|bHealth Council of Canada. |
| 245 | 12|aA background note on benchmarks for wait times |h[electronic resource] |
| 260 | |aToronto - Ontario : |bHealth Council of Canada |cNovember 2005. |
| 300 | |a6p.|btables |
| 590 | |a12-39-Supp|b2012-10-11 |
| 690 | 07|aHealth care quality|2gcpds |
| 775 | 08|tNote d'information - points de repère pour les temps d'attente |w(CaOODSP)9.640852 |
| 856 | 40|ahttp://publications.gc.ca|qPDF|s151 KB|uhttps://publications.gc.ca/collections/collection_2012/ccs-hcc/H174-34-2005-eng.pdf |